[Event "12th Arad Open 2019"]
[Site "Arad"]
[Date "2019.07.30"]
[Round "8.5"]
[White "Banzea, Alexandru-Bogdan"]
[Black "Schitco, Ivan"]
[Result "0-1"]
[WhiteElo "2405"]
[BlackElo "2462"]
[Annotator "ChessBase"]
[PlyCount "68"]
[EventDate "2019.07.24"]
[EventType "swiss"]
[EventCountry "ROU"]
[SourceTitle "playchess.com"]
[Source "ChessBase"]
[SourceQuality "1"]
[TimeControl "40/5400+30:900+30"]

1. e4 {[%emt 0:00:00]} e5 {[%emt 0:00:00]} 2. Nf3 {[%emt 0:00:00]} Nc6 {[%emt 0:00:00]} 3. Bb5 {[%emt 0:00:02]} a6 {[%emt 0:00:10]} 4. Ba4 {[%emt 0:00:10]} Nf6 {[%emt 0:00:15]} 5. O-O {[%emt 0:00:22]} Bc5 {[%emt 0:00:28]} 6. c3 {[%emt 0:00:44]} b5 {[%emt 0:00:16]} 7. Bc2 {[%emt 0:00:24]} d5 {[%emt 0:00:24]} 8. exd5 {[%emt 0:20:20]} Qxd5 {[%emt 0:00:18]} 9. d3 {[%emt 0:02:39]} Bf5 {[%emt 0:07:43]} 10. Qe2 {[%emt 0:32:07]} O-O-O {[%emt 0:06:14]} 11. a4 {[%emt 0:04:50]} b4 {[%emt 0:09:06]} 12. d4 {[%emt 0:13:54]} Bxc2 {[%emt 0:02:32]} 13. Qxc2 {[%emt 0:00:41]} exd4 {[%emt 0:06:15]} 14. cxd4 {[%emt 0:00:13]} Nxd4 {[%emt 0:02:49]} 15. Nxd4 {[%emt 0:00:05]} Bxd4 {[%emt 0:00:06]} 16. Bf4 {[%emt 0:00:50]} Rd7 {[%emt 0:02:01]} 17. Nd2 {[%emt 0:02:48]} Nh5 {[%emt 0:14:09]} 18. Bg3 {[%emt 0:02:00]} Nxg3 {[%emt 0:10:42]} 19. hxg3 {[%emt 0:00:06]} h5 {[%emt 0:08:30]} 20. Nf3 {[%emt 0:01:46]} Rhd8 {[%emt 0:08:05]} 21. Rad1 {[%emt 0:10:14]} b3 {[%emt 0:01:35]} 22. Qe2 {[%emt 0:00:52]} Qe6 {[%emt 0:00:50]} 23. Qxe6 {[%emt 0:02:43]} fxe6 {[%emt 0:00:02]} 24. Nxd4 {[%emt 0:02:41]} Rxd4 {[%emt 0:00:01]} 25. Rde1 {[%emt 0:01:12]} Rxa4 {[%emt 0:01:03]} 26. Re3 {[%emt 0:00:20]} Rb4 {[%emt 0:00:38]} 27. Rc1 {[%emt 0:00:35]} Rd2 {[%emt 0:01:22]} 28. Rec3 {[%emt 0:00:18]} Rb7 {[%emt 0:01:27]} 29. Rb1 {[%emt 0:00:24]} Rc2 {[%emt 0:00:38]} 30. Re3 {[%emt 0:00:09]} Rb6 {[%emt 0:00:38]} 31. Kf1 {[%emt 0:00:10]} a5 {[%emt 0:01:45]} 32. Ke1 {[%emt 0:00:10]} a4 {[%emt 0:01:26]} 33. Re4 {[%emt 0:00:18]} Ra6 {[%emt 0:02:02]} 34. Re2 {[%emt 0:00:44]} Rac6 {[%emt 0:01:13]} 0-1

[Event "12th Arad Open 2019"]
[Site "Arad"]
[Date "2019.07.30"]
[Round "8.6"]
[White "Song, Raymond"]
[Black "Soltanici, Ruslan"]
[Result "0-1"]
[WhiteElo "2456"]
[BlackElo "2408"]
[Annotator "ChessBase"]
[PlyCount "132"]
[EventDate "2019.07.24"]
[EventType "swiss"]
[EventCountry "ROU"]
[SourceTitle "playchess.com"]
[Source "ChessBase"]
[SourceQuality "1"]
[TimeControl "40/5400+30:900+30"]

1. e4 {[%emt 0:00:00]} c5 {[%emt 0:01:18]} 2. Ne2 {[%emt 0:00:00]} d6 {[%emt 0:02:27]} 3. g3 {[%emt 0:00:00]} Nc6 {[%emt 0:01:49]} 4. Bg2 {[%emt 0:00:00]} g6 {[%emt 0:00:41]} 5. c3 {[%emt 0:00:01]} Bg7 {[%emt 0:00:24]} 6. d4 {[%emt 0:00:04]} Bg4 {[%emt 0:01:07]} 7. f3 {[%emt 0:04:31]} Bd7 {[%emt 0:00:15]} 8. Be3 {[%emt 0:02:38]} cxd4 {[%emt 0:02:54]} 9. cxd4 {[%emt 0:00:08]} Nf6 {[%emt 0:00:39]} 10. Nbc3 {[%emt 0:00:08]} O-O {[%emt 0:01:56]} 11. O-O {[%emt 0:00:05]} b5 {[%emt 0:14:51]} 12. a3 {[%emt 0:02:08]} a6 {[%emt 0:07:45]} 13. h3 {[%emt 0:00:53]} e5 {[%emt 0:10:19]} 14. f4 {[%emt 0:00:46]} Rc8 {[%emt 0:03:44]} 15. d5 {[%emt 0:03:18]} Na5 {[%emt 0:01:45]} 16. Bf2 {[%emt 0:04:10]} Re8 {[%emt 0:05:17]} 17. fxe5 {[%emt 0:14:45]} Rxe5 {[%emt 0:05:06]} 18. Bd4 {[%emt 0:01:11]} Re8 {[%emt 0:01:14]} 19. g4 {[%emt 0:01:45]} Nc4 {[%emt 0:02:52]} 20. b3 {[%emt 0:00:31]} Ne5 {[%emt 0:02:17]} 21. Nf4 {[%emt 0:03:17]} h6 {[%emt 0:02:03]} 22. Qd2 {[%emt 0:03:05]} Nh7 {[%emt 0:04:37]} 23. a4 {[%emt 0:02:38]} bxa4 {[%emt 0:02:01]} 24. Nxa4 {[%emt 0:01:00]} Rb8 {[%emt 0:03:20]} 25. Qe3 {[%emt 0:01:07]} Qg5 {[%emt 0:01:32]} 26. Nb6 {[%emt 0:10:46]} Bb5 {[%emt 0:00:35]} 27. Rfd1 {[%emt 0:05:02]} Nxg4 {[%emt 0:01:20]} 28. hxg4 {[%emt 0:01:24]} Bxd4 {[%emt 0:00:07]} 29. Rxd4 {[%emt 0:00:07]} Rxb6 {[%emt 0:00:07]} 30. Rc1 {[%emt 0:06:15]} Nf6 {[%emt 0:01:07]} 31. Bf3 {[%emt 0:01:40]} Rb7 {[%emt 0:01:44]} 32. Ng2 {[%emt 0:03:26]} Qxe3+ {[%emt 0:04:57]} 33. Nxe3 {[%emt 0:00:02]} Rbe7 {[%emt 0:00:10]} 34. Kf2 {[%emt 0:07:58]} Kg7 {[%emt 0:00:40]} 35. Rc6 {[%emt 0:00:57]} Nxe4+ {[%emt 0:02:26]} 36. Bxe4 {[%emt 0:00:07]} Rxe4 {[%emt 0:00:12]} 37. Rxe4 {[%emt 0:00:07]} Rxe4 {[%emt 0:00:02]} 38. Rxd6 {[%emt 0:00:06]} Rf4+ {[%emt 0:00:14]} 39. Kg3 {[%emt 0:00:36]} Rb4 {[%emt 0:00:07]} 40. Rb6 {[%emt 0:00:00]} Rxb3 {[%emt 0:00:00]} 41. Kf2 {[%emt 0:02:47]} Rd3 {[%emt 0:03:55]} 42. Kf3 {[%emt 0:00:46]} Rd4 {[%emt 0:00:11]} 43. Kg3 {[%emt 0:01:14]} Bd3 {[%emt 0:01:15]} 44. Rb7 {[%emt 0:03:39]} Be4 {[%emt 0:03:03]} 45. Ra7 {[%emt 0:02:43]} Bxd5 {[%emt 0:01:19]} 46. Rxa6 {[%emt 0:00:05]} Be6 {[%emt 0:00:16]} 47. Ra5 {[%emt 0:00:10]} Kf6 {[%emt 0:00:39]} 48. Kf3 {[%emt 0:00:14]} g5 {[%emt 0:01:49]} 49. Ra6 {[%emt 0:04:18]} Kg6 {[%emt 0:03:01]} 50. Ra5 {[%emt 0:01:24]} h5 {[%emt 0:00:29]} 51. gxh5+ {[%emt 0:00:03]} Kxh5 {[%emt 0:00:04]} 52. Rb5 {[%emt 0:00:31]} Kg6 {[%emt 0:01:54]} 53. Rb6 {[%emt 0:00:08]} Rf4+ {[%emt 0:00:25]} 54. Kg3 {[%emt 0:00:26]} Re4 {[%emt 0:00:09]} 55. Kf3 {[%emt 0:01:45]} f5 {[%emt 0:00:24]} 56. Ra6 {[%emt 0:00:02]} Kf6 {[%emt 0:01:29]} 57. Rb6 {[%emt 0:00:04]} g4+ {[%emt 0:02:04]} 58. Kf2 {[%emt 0:00:04]} Kg5 {[%emt 0:00:35]} 59. Rb5 {[%emt 0:00:03]} Rf4+ {[%emt 0:01:02]} 60. Kg2 {[%emt 0:00:29]} Rf3 {[%emt 0:00:46]} 61. Nc2 {[%emt 0:00:09]} Rd3 {[%emt 0:01:28]} 62. Ne1 {[%emt 0:00:07]} Rd2+ {[%emt 0:01:06]} 63. Kg3 {[%emt 0:00:05]} Bd5 {[%emt 0:00:40]} 64. Rb4 {[%emt 0:00:21]} Be4 {[%emt 0:00:19]} 65. Rxe4 {[%emt 0:02:10]} fxe4 {[%emt 0:00:08]} 66. Nf3+ gxf3 {[%emt 0:00:11]} 0-1

[Event "12th Arad Open 2019"]
[Site "Arad"]
[Date "2019.07.30"]
[Round "8.7"]
[White "Macovei, Andrei"]
[Black "Visanescu, Daria-Ioana"]
[Result "1-0"]
[WhiteElo "2424"]
[BlackElo "2079"]
[Annotator "NA"]
[PlyCount "99"]
[EventDate "2019.07.24"]
[EventType "swiss"]
[EventCountry "ROU"]
[SourceTitle "playchess.com"]
[Source "ChessBase"]
[SourceQuality "1"]
[TimeControl "40/5400+30:900+30"]

1. e4 {[%emt 0:00:00]} e6 {[%emt 0:02:40]} 2. d4 {[%emt 0:01:25]} d5 {[%emt 0:00:08]} 3. Nc3 {[%emt 0:00:05]} Nf6 {[%emt 0:00:36]} 4. Bg5 {[%emt 0:02:06]} Be7 {[%emt 0:00:05]} 5. e5 {[%emt 0:00:06]} Nfd7 {[%emt 0:01:17]} 6. Bxe7 {[%emt 0:00:16]} Qxe7 {[%emt 0:00:15]} 7. f4 {[%emt 0:00:07]} a6 {[%emt 0:03:24]} 8. Nf3 {[%emt 0:01:07]} c5 {[%emt 0:00:57]} 9. Qd2 {[%emt 0:01:10]} Nc6 {[%emt 0:01:20]} 10. dxc5 {[%emt 0:08:14]} Nxc5 {[%emt 0:01:59]} 11. Bd3 {[%emt 0:03:03]} O-O {[%emt 0:23:31]} 12. O-O-O {[%emt 0:02:37]} Nb4 {[%emt 0:04:52]} 13. Kb1 {[%emt 0:01:38]} Nbxd3 {[%emt 0:06:57]} 14. cxd3 {[%emt 0:00:10]} Bd7 {[%emt 0:00:20]} 15. Qe3 {[%emt 0:04:51]} Rac8 {[%emt 0:01:43]} 16. Rc1 {[%emt 0:14:33]} b5 {[%emt 0:21:46]} 17. d4 {[%emt 0:00:32]} Na4 {[%emt 0:01:24]} 18. Nxa4 {[%emt 0:01:55]} bxa4 {[%emt 0:00:05]} 19. Rc5 {[%emt 0:00:15]} Rb8 {[%emt 0:03:41]} 20. Qc3 {[%emt 0:08:57]} Rb7 {[%emt 0:03:59]} 21. Rc1 {[%emt 0:01:47]} Rfb8 {[%emt 0:00:35]} 22. Rc2 {[%emt 0:00:29]} h6 {[%emt 0:01:56]} 23. Rc7 {[%emt 0:07:14]} Rxc7 {[%emt 0:04:06]} 24. Qxc7 {[%emt 0:00:20]} Qe8 {[%emt 0:00:12]} 25. Rc3 {[%emt 0:05:24]} Rc8 {[%emt 0:01:12]} 26. Qa5 {[%emt 0:00:03]} Rxc3 {[%emt 0:00:41]} 27. Qxc3 {[%emt 0:00:02]} Qb8 {[%emt 0:00:44]} 28. Ne1 {[%emt 0:01:42]} Bb5 {[%emt 0:01:28]} 29. Nc2 {[%emt 0:00:13]} Bf1 {[%emt 0:02:03]} 30. Ne3 {[%emt 0:00:04]} Qb5 {[%emt 0:00:28]} 31. Kc1 {[%emt 0:00:57]} Bc4 {[%emt 0:01:12]} 32. a3 {[%emt 0:00:07]} Bd3 {[%emt 0:04:26]} 33. Qb4 {[%emt 0:02:48]} Qc6+ {[%emt 0:00:15]} 34. Kd2 {[%emt 0:00:27]} Be4 {[%emt 0:00:09]} 35. g3 {[%emt 0:01:39]} Qd7 {[%emt 0:01:24]} 36. Nd1 {[%emt 0:00:34]} g5 {[%emt 0:03:38]} 37. fxg5 {[%emt 0:01:07]} Qd8 {[%emt 0:01:28]} 38. Qxa4 {[%emt 0:08:41]} Qxg5+ {[%emt 0:00:08]} 39. Ne3 {[%emt 0:00:02]} Qh5 {[%emt 0:01:33]} 40. Qxa6 {[%emt 0:00:00]} Qxh2+ {[%emt 0:00:00]} 41. Qe2 {[%emt 0:00:17]} Qg1 {[%emt 0:01:31]} 42. Qe1 {[%emt 0:00:03]} Qh2+ {[%emt 0:01:10]} 43. Kc3 {[%emt 0:00:04]} Qh5 {[%emt 0:00:46]} 44. b4 {[%emt 0:02:40]} f6 {[%emt 0:00:09]} 45. exf6 {[%emt 0:00:29]} e5 {[%emt 0:01:30]} 46. Qd1 {[%emt 0:02:25]} exd4+ {[%emt 0:02:07]} 47. Kxd4 {[%emt 0:01:11]} Qf7 {[%emt 0:01:35]} 48. Qg4+ {[%emt 0:01:17]} Bg6 {[%emt 0:00:05]} 49. Qc8+ {[%emt 0:00:57]} Kh7 {[%emt 0:00:04]} 50. Nxd5 {[%emt 0:00:16]} 1-0

[Event "12th Arad Open 2019"]
[Site "Arad"]
[Date "2019.07.30"]
[Round "8.8"]
[White "Nastase, Robert-Paul"]
[Black "Svetushkin, Dmitry"]
[Result "0-1"]
[WhiteElo "2283"]
[BlackElo "2528"]
[Annotator "ChessBase"]
[PlyCount "70"]
[EventDate "2019.07.24"]
[EventType "swiss"]
[EventCountry "ROU"]
[SourceTitle "playchess.com"]
[Source "ChessBase"]
[SourceQuality "1"]
[TimeControl "40/5400+30:900+30"]

1. e4 {[%emt 0:00:00]} c6 {[%emt 0:06:34]} 2. d4 {[%emt 0:00:00]} d5 {[%emt 0:00:07]} 3. exd5 {[%emt 0:00:17]} cxd5 {[%emt 0:00:07]} 4. Bd3 {[%emt 0:00:11]} Nc6 {[%emt 0:00:07]} 5. Ne2 {[%emt 0:00:19]} Nb4 {[%emt 0:01:53]} 6. Bb5+ {[%emt 0:01:05]} Bd7 {[%emt 0:00:05]} 7. Bxd7+ {[%emt 0:00:05]} Qxd7 {[%emt 0:00:04]} 8. c3 {[%emt 0:00:06]} Nc6 {[%emt 0:00:07]} 9. Bf4 {[%emt 0:00:09]} Nf6 {[%emt 0:00:28]} 10. Qd3 {[%emt 0:00:11]} e6 {[%emt 0:00:43]} 11. Nd2 {[%emt 0:00:09]} Be7 {[%emt 0:02:14]} 12. O-O {[%emt 0:01:12]} O-O {[%emt 0:00:06]} 13. a4 {[%emt 0:04:03]} b6 {[%emt 0:00:48]} 14. Qa6 {[%emt 0:01:53]} Ne8 {[%emt 0:04:05]} 15. b4 {[%emt 0:05:14]} Bd6 {[%emt 0:03:33]} 16. Nb3 {[%emt 0:10:17]} Bxf4 {[%emt 0:01:17]} 17. Nxf4 {[%emt 0:00:04]} Nd6 {[%emt 0:00:08]} 18. Nd2 {[%emt 0:15:23]} Rfc8 {[%emt 0:04:56]} 19. Rfb1 {[%emt 0:03:06]} Rc7 {[%emt 0:06:48]} 20. Qd3 {[%emt 0:05:11]} Rac8 {[%emt 0:01:55]} 21. Ne2 {[%emt 0:02:07]} Nd8 {[%emt 0:03:05]} 22. g3 {[%emt 0:04:07]} N8b7 {[%emt 0:00:45]} 23. f3 {[%emt 0:01:18]} Nc4 {[%emt 0:00:36]} 24. Nxc4 {[%emt 0:12:00]} Rxc4 {[%emt 0:00:43]} 25. Kf2 {[%emt 0:00:08]} Nd6 {[%emt 0:01:04]} 26. Ke3 {[%emt 0:04:05]} Nf5+ {[%emt 0:01:05]} 27. Kd2 {[%emt 0:00:34]} f6 {[%emt 0:00:18]} 28. g4 {[%emt 0:05:09]} Ne7 {[%emt 0:03:15]} 29. a5 {[%emt 0:03:06]} e5 {[%emt 0:00:55]} 30. axb6 {[%emt 0:00:35]} axb6 {[%emt 0:00:06]} 31. Ra6 {[%emt 0:01:41]} exd4 {[%emt 0:03:53]} 32. cxd4 {[%emt 0:00:48]} Qd6 {[%emt 0:01:04]} 33. b5 {[%emt 0:01:43]} Ng6 {[%emt 0:00:48]} 34. Qe3 {[%emt 0:03:05]} R4c7 {[%emt 0:02:34]} 35. f4 {[%emt 0:02:52]} Re7 {[%emt 0:01:28]} 0-1

[Event "12th Arad Open 2019"]
[Site "Arad"]
[Date "2019.07.30"]
[Round "8.9"]
[White "Patrascu, Catalin-Lucian"]
[Black "Zawadzka, Jolanta"]
[Result "1/2-1/2"]
[WhiteElo "2292"]
[BlackElo "2422"]
[Annotator "NA"]
[PlyCount "57"]
[EventDate "2019.07.24"]
[EventType "swiss"]
[EventCountry "ROU"]
[SourceTitle "playchess.com"]
[Source "ChessBase"]
[SourceQuality "1"]
[TimeControl "40/5400+30:900+30"]

1. e4 {[%emt 0:00:00]} e5 {[%emt 0:00:00]} 2. Nf3 {[%emt 0:00:00]} Nc6 {[%emt 0:00:00]} 3. Bc4 {[%emt 0:00:00]} Nf6 {[%emt 0:00:53]} 4. d3 {[%emt 0:00:12]} Be7 {[%emt 0:00:29]} 5. O-O {[%emt 0:03:30]} O-O {[%emt 0:01:29]} 6. a4 {[%emt 0:03:56]} d6 {[%emt 0:02:06]} 7. h3 {[%emt 0:01:41]} Kh8 {[%emt 0:04:00]} 8. Nc3 {[%emt 0:09:14]} Ng8 {[%emt 0:08:22]} 9. a5 {[%emt 0:16:06]} a6 {[%emt 0:00:25]} 10. d4 {[%emt 0:00:53]} exd4 {[%emt 0:25:39]} 11. Nxd4 {[%emt 0:00:09]} Nxd4 {[%emt 0:00:27]} 12. Qxd4 {[%emt 0:00:04]} f5 {[%emt 0:00:14]} 13. Re1 {[%emt 0:14:55]} Bf6 {[%emt 0:03:36]} 14. Qd3 {[%emt 0:05:10]} Ne7 {[%emt 0:07:08]} 15. Bb3 {[%emt 0:15:22]} fxe4 {[%emt 0:05:11]} 16. Nxe4 {[%emt 0:01:00]} Bf5 {[%emt 0:00:24]} 17. Qd1 {[%emt 0:03:56]} Ng6 {[%emt 0:05:47]} 18. Ra4 {[%emt 0:06:56]} Bxe4 {[%emt 0:07:16]} 19. Raxe4 {[%emt 0:00:39]} c6 {[%emt 0:00:45]} 20. Qh5 {[%emt 0:04:21]} d5 {[%emt 0:03:39]} 21. R4e2 {[%emt 0:04:20]} Qxa5 {[%emt 0:04:01]} 22. c3 {[%emt 0:05:26]} Qc7 {[%emt 0:00:15]} 23. Bc2 {[%emt 0:00:25]} Qf7 {[%emt 0:00:24]} 24. Bf5 {[%emt 0:02:46]} Rad8 {[%emt 0:06:17]} 25. Be6 {[%emt 0:00:43]} Qc7 {[%emt 0:01:04]} 26. Bf5 {[%emt 0:00:17]} Kg8 {[%emt 0:04:40]} 27. Be6+ {[%emt 0:00:36]} Kh8 {[%emt 0:00:11]} 28. Bf5 {[%emt 0:00:20]} Kg8 {[%emt 0:00:29]} 29. Be6+ 1/2-1/2

[Event "12th Arad Open 2019"]
[Site "Arad"]
[Date "2019.07.30"]
[Round "8.10"]
[White "Gilea, Lucian"]
[Black "Secheres, Adrian-Simion"]
[Result "0-1"]
[WhiteElo "2287"]
[BlackElo "2394"]
[Annotator "NA"]
[PlyCount "54"]
[EventDate "2019.07.24"]
[EventType "swiss"]
[EventCountry "ROU"]
[SourceTitle "playchess.com"]
[Source "ChessBase"]
[SourceQuality "1"]
[TimeControl "40/5400+30:900+30"]

1. d4 {[%emt 0:00:00]} Nf6 {[%emt 0:00:00]} 2. c4 {[%emt 0:00:00]} g6 {[%emt 0:00:14]} 3. Nc3 {[%emt 0:00:00]} Bg7 {[%emt 0:00:11]} 4. e4 {[%emt 0:00:00]} d6 {[%emt 0:00:07]} 5. Nge2 {[%emt 0:00:08]} O-O {[%emt 0:00:12]} 6. Ng3 {[%emt 0:00:06]} a6 {[%emt 0:00:12]} 7. Be2 {[%emt 0:01:16]} c5 {[%emt 0:00:08]} 8. d5 {[%emt 0:04:47]} b5 {[%emt 0:00:42]} 9. cxb5 {[%emt 0:00:28]} axb5 {[%emt 0:00:07]} 10. Bxb5 {[%emt 0:00:30]} Ba6 {[%emt 0:01:08]} 11. Bxa6 {[%emt 0:04:55]} Nxa6 {[%emt 0:00:07]} 12. O-O {[%emt 0:00:08]} Qa5 {[%emt 0:08:16]} 13. Qe2 {[%emt 0:11:59]} Nd7 {[%emt 0:02:06]} 14. Bd2 {[%emt 0:00:42]} Rfb8 {[%emt 0:02:35]} 15. Rfb1 {[%emt 0:00:39]} Nb4 {[%emt 0:05:35]} 16. Bg5 {[%emt 0:15:25]} Qa6 {[%emt 0:01:32]} 17. Qd1 {[%emt 0:07:57]} Nd3 {[%emt 0:05:08]} 18. Qc2 {[%emt 0:04:22]} Qc4 {[%emt 0:13:03]} 19. Bxe7 {[%emt 0:07:13]} Bd4 {[%emt 0:02:53]} 20. Nh1 {[%emt 0:16:36]} Ra6 {[%emt 0:10:48]} 21. Bg5 {[%emt 0:01:48]} Rab6 {[%emt 0:03:15]} 22. Qa4 {[%emt 0:03:31]} Qxc3 {[%emt 0:02:26]} 23. Qxd7 {[%emt 0:01:07]} Rxb2 {[%emt 0:00:48]} 24. Rxb2 {[%emt 0:00:12]} Qxb2 {[%emt 0:00:23]} 25. Rf1 {[%emt 0:00:07]} Nxf2 {[%emt 0:00:21]} 26. h4 {[%emt 0:03:26]} Ng4+ {[%emt 0:00:07]} 27. Nf2 {[%emt 0:00:04]} Qxf2+ {[%emt 0:00:10]} 0-1

[Event "12th Arad Open 2019"]
[Site "Arad"]
[Date "2019.07.30"]
[Round "8.11"]
[White "Lyell, Mark"]
[Black "Peptan, Corina-Isabela"]
[Result "1/2-1/2"]
[WhiteElo "2216"]
[BlackElo "2375"]
[Annotator "NA"]
[PlyCount "119"]
[EventDate "2019.07.24"]
[EventType "swiss"]
[EventCountry "ROU"]
[SourceTitle "playchess.com"]
[Source "ChessBase"]
[SourceQuality "1"]
[TimeControl "40/5400+30:900+30"]

1. e4 c5 2. Nc3 Nc6 3. Bb5 d6 4. Bxc6+ bxc6 5. d3 g6 6. f4 Bg7 7. Nf3 Qb6 8. h3 Nf6 9. O-O c4+ 10. d4 O-O 11. Kh2 Rd8 12. Qe1 d5 13. e5 Ne8 14. g4 Qb8 15. Na4 Nc7 16. Be3 Qb5 17. b3 cxb3 18. axb3 Na6 19. Rf2 Qb8 20. Qc3 Bd7 21. Nb2 Nc7 22. Nd3 f5 23. Nc5 Bc8 24. Rg1 a5 25. gxf5 Bxf5 26. Nh4 Rf8 27. Nxf5 Rxf5 28. Ra1 Qc8 29. Bd2 Ne6 30. Nxe6 Qxe6 31. Rxa5 Rxa5 32. Qxa5 Bh6 33. Qc3 Kg7 34. Qg3 Qc8 35. Qh4 Qe6 36. Bb4 Rf7 37. Kg2 Qd7 38. Qg4 Rf5 39. Qh4 Rf7 40. Bd2 Qf5 41. c3 Qe4+ 42. Kh2 e6 43. Qg4 Rf5 44. Qf3 Qc2 45. b4 Kg8 46. Qe2 Kg7 47. Kg2 Qa2 48. Be3 Qa3 49. Bd2 Qa2 50. b5 cxb5 51. Qxb5 Qa7 52. Qe8 Qa6 53. Be3 Rf8 54. Qe7+ Rf7 55. Qd6 Qd3 56. Bd2 Qe4+ 57. Kg3 Qd3+ 58. Kg2 Qe4+ 59. Kg3 Qd3+ 60. Kg2 1/2-1/2

[Event "12th Arad Open 2019"]
[Site "Arad"]
[Date "2019.07.30"]
[Round "8.12"]
[White "Bogdan, Dan"]
[Black "Gorodetzky, Matan"]
[Result "1-0"]
[WhiteElo "2370"]
[BlackElo "2290"]
[Annotator "NA"]
[PlyCount "73"]
[EventDate "2019.07.24"]
[EventType "swiss"]
[EventCountry "ROU"]
[SourceTitle "playchess.com"]
[Source "ChessBase"]
[SourceQuality "1"]
[TimeControl "40/5400+30:900+30"]

1. Nf3 {[%emt 0:00:48]} d5 {[%emt 0:00:00]} 2. d4 {[%emt 0:00:13]} e6 {[%emt 0:02:57]} 3. g3 {[%emt 0:01:42]} c5 {[%emt 0:00:46]} 4. Bg2 {[%emt 0:00:07]} cxd4 {[%emt 0:01:43]} 5. Nxd4 {[%emt 0:00:42]} Nf6 {[%emt 0:03:38]} 6. O-O {[%emt 0:00:56]} e5 {[%emt 0:01:05]} 7. Nb3 {[%emt 0:01:28]} Be6 {[%emt 0:00:42]} 8. c4 {[%emt 0:03:28]} Nc6 {[%emt 0:05:07]} 9. cxd5 {[%emt 0:02:33]} Nxd5 {[%emt 0:05:25]} 10. Nc3 {[%emt 0:07:10]} Nxc3 {[%emt 0:16:51]} 11. bxc3 {[%emt 0:01:54]} Qc7 {[%emt 0:05:56]} 12. Be3 {[%emt 0:04:33]} Rd8 {[%emt 0:02:54]} 13. Qc2 {[%emt 0:01:59]} Nb4 {[%emt 0:05:54]} 14. Qb1 {[%emt 0:06:35]} Nd5 {[%emt 0:00:45]} 15. Bd2 {[%emt 0:00:54]} Ba3 {[%emt 0:03:59]} 16. Qe4 {[%emt 0:07:34]} O-O {[%emt 0:00:38]} 17. Qa4 {[%emt 0:00:40]} Be7 {[%emt 0:04:05]} 18. c4 {[%emt 0:09:18]} Nb6 {[%emt 0:16:55]} 19. Qxa7 {[%emt 0:05:18]} Nxc4 {[%emt 0:01:02]} 20. Rfc1 {[%emt 0:01:09]} Rd7 {[%emt 0:00:31]} 21. Bc3 {[%emt 0:08:01]} f6 {[%emt 0:13:16]} 22. Qa4 {[%emt 0:09:58]} Rb8 {[%emt 0:00:57]} 23. Be1 {[%emt 0:13:56]} b5 {[%emt 0:00:43]} 24. Qa6 {[%emt 0:00:59]} Rd6 {[%emt 0:04:15]} 25. Qa5 {[%emt 0:00:11]} Nxa5 {[%emt 0:01:47]} 26. Rxc7 {[%emt 0:00:37]} Nxb3 {[%emt 0:00:09]} 27. axb3 {[%emt 0:00:13]} Bd8 {[%emt 0:00:08]} 28. Rca7 {[%emt 0:01:17]} Bxb3 {[%emt 0:01:10]} 29. Bb4 {[%emt 0:00:14]} Rd4 {[%emt 0:00:17]} 30. Bc5 {[%emt 0:03:31]} Ra4 {[%emt 0:00:24]} 31. Rb1 {[%emt 0:00:35]} Bb6 {[%emt 0:00:55]} 32. Bxb6 {[%emt 0:01:00]} Rxb6 {[%emt 0:00:01]} 33. Bd5+ {[%emt 0:00:17]} Kf8 {[%emt 0:00:29]} 34. Rf7+ {[%emt 0:00:08]} Ke8 {[%emt 0:00:28]} 35. Bxb3 {[%emt 0:00:02]} Rb4 {[%emt 0:00:05]} 36. Rxg7 {[%emt 0:00:41]} Rc6 {[%emt 0:00:13]} 37. Bf7+ {[%emt 0:00:29]} 1-0

[Event "12th Arad Open 2019"]
[Site "Arad"]
[Date "2019.07.30"]
[Round "8.13"]
[White "Barrish, Daniel"]
[Black "Nester, Ihor"]
[Result "1-0"]
[WhiteElo "2237"]
[BlackElo "2361"]
[Annotator "NA"]
[PlyCount "51"]
[EventDate "2019.07.24"]
[EventType "swiss"]
[EventCountry "ROU"]
[SourceTitle "playchess.com"]
[Source "ChessBase"]
[SourceQuality "1"]
[TimeControl "40/5400+30:900+30"]

1. d4 {[%emt 0:00:00]} f5 {[%emt 0:00:00]} 2. Bg5 {[%emt 0:00:00]} g6 {[%emt 0:00:00]} 3. Nc3 {[%emt 0:00:00]} Bg7 {[%emt 0:00:00]} 4. e3 {[%emt 0:00:13]} Nf6 {[%emt 0:01:42]} 5. h4 {[%emt 0:00:07]} h6 {[%emt 0:00:10]} 6. Bf4 {[%emt 0:00:29]} d6 {[%emt 0:00:58]} 7. Bc4 {[%emt 0:01:54]} e6 {[%emt 0:01:05]} 8. Qf3 {[%emt 0:03:47]} Qe7 {[%emt 0:01:31]} 9. O-O-O {[%emt 0:04:43]} Nc6 {[%emt 0:10:04]} 10. Bh2 {[%emt 0:16:20]} Bd7 {[%emt 0:02:15]} 11. Qg3 {[%emt 0:07:30]} Qf7 {[%emt 0:05:33]} 12. f3 {[%emt 0:06:29]} a6 {[%emt 0:11:03]} 13. Nge2 {[%emt 0:06:21]} g5 {[%emt 0:19:35]} 14. Kb1 {[%emt 0:05:21]} O-O-O {[%emt 0:10:14]} 15. e4 {[%emt 0:08:18]} fxe4 {[%emt 0:04:10]} 16. fxe4 {[%emt 0:00:43]} Nh5 {[%emt 0:04:43]} 17. Qe3 {[%emt 0:00:59]} Qe7 {[%emt 0:04:00]} 18. d5 {[%emt 0:01:51]} Nb8 {[%emt 0:01:43]} 19. e5 {[%emt 0:15:23]} dxe5 {[%emt 0:01:30]} 20. Bxe5 {[%emt 0:01:13]} Bxe5 {[%emt 0:07:54]} 21. Qxe5 {[%emt 0:02:05]} Qc5 {[%emt 0:00:09]} 22. hxg5 {[%emt 0:01:28]} hxg5 {[%emt 0:03:02]} 23. Bb3 {[%emt 0:00:47]} exd5 {[%emt 0:05:07]} 24. Qxg5 {[%emt 0:03:12]} Rdg8 {[%emt 0:01:06]} 25. Rxh5 {[%emt 0:01:37]} Rxg5 {[%emt 0:00:13]} 26. Rxh8+ {[%emt 0:00:05]} 1-0